MILLETS A SUPERFOOD FOR SUSTAINABLE GROWTH AND DEVELOPMENT (Record no. 33166)
[ view plain ]
| 000 -LEADER | |
|---|---|
| fixed length control field | 00322nam a22001337a 4500 |
| 003 - CONTROL NUMBER IDENTIFIER | |
| control field | SGT |
| 020 ## - INTERNATIONAL STANDARD BOOK NUMBER | |
| International Standard Book Number | 9789367559215 |
| 082 ## - DEWEY DECIMAL CLASSIFICATION NUMBER | |
| Classification number | 630 |
| Item number | SIN |
| 100 ## - MAIN ENTRY--PERSONAL NAME | |
| Personal name | SINGH DR NITESH |
| 245 ## - TITLE STATEMENT | |
| Title | MILLETS A SUPERFOOD FOR SUSTAINABLE GROWTH AND DEVELOPMENT |
| 260 ## - PUBLICATION, DISTRIBUTION, ETC. (IMPRINT) | |
| Place of publication, distribution, etc | INDIA |
| Name of publisher, distributor, etc | CONTENT VIBES |
| Year of Publication | 2025 |
| 300 ## - PAGE DESCRIPTION | |
| No. of Pages | 241 |
| 942 ## - ADDED ENTRY ELEMENTS (KOHA) | |
| Source of classification or shelving scheme | Dewey Decimal Classification |
| Koha item type | Books |
| Withdrawn status | Lost status | Source of classification or shelving scheme | Damaged status | Not for loan | Home library | Current library | Shelving location | Date acquired | Vendor Name | Cost, normal purchase price | SGTU | Total Checkouts | Full call number | Accession No. (Barcode) | Date last seen | Bill Date | Koha item type |
|---|---|---|---|---|---|---|---|---|---|---|---|---|---|---|---|---|---|
| Dewey Decimal Classification | Not For Loan | SGT Science & Social Sciences Library | SGT Science & Social Sciences Library | On Display | 11/11/2025 | FACULTY PUBLICATION | 2700.00 | SGTU | 630 SIN | AG2718 | 11/11/2025 | 11/11/2025 | Books |